000 01910nam0a2200397 4500
001 RU\NLR\bibl\340968
005 20260407045324.0
010 _a5-250-01852-1
_bВ пер.
_93000
021 _aRU
_b2002-39663
_91934
035 _a(NLR Aleph) 000335833
090 _a185656
_c185656
100 _a20021104d2002 |||y0rusy50 ca
101 0 _arus
102 _aRU
105 _ay |||||||||
200 1 _aНеправительственные правозащитные организации Российской Федерации
_eСправ.
_fУполномоченный по правам человека в Рос. Федерации
_gПод ред. Олега Орестовича Миронова
210 _aМ.
_cРеспублика
_d2002
215 _a318, [1] с.
_d22
327 1 _aВ прил. включ. законодат. материалы
606 0 _aПравозащитные общественно-политические организации
_jСправочники
_yРоссийская Федерация
_92140575
_3RU\NLR\auth\661290220
610 0 _aПравозащитное движение в Российской Федерации - Справочники
610 0 _aОбщественные организации - Справочники
610 0 _aРоссийская Федерация, право
675 _a342.7(035.5)
_v3
_zrus
686 _a10.15
_2rugasnti
686 _a67.400.7я2
_2rubbk
686 _aФ79(2)274.5я2
702 1 _aМиронов
_bО. О.
_gОлег Орестович
_4340
712 0 1 _4570
_aРоссийская Федерация
_bУполномоченный по правам человека
_9534207
_3RU\NLR\AUTH\8810018188
801 0 _aRU
_bRKP
_c20021104
_gPSBO
801 1 _aRU
_bRKP
_c20021104
801 2 _aRU
_bNLR
_c20030205
_grcr
942 _cBOOK
980 _aNB